EDP auditing (Бичлэгийн дугаар. 145649)
| 000 -УДИРДЛАГА | |
|---|---|
| Удирдлага | 00966nam a22003377a 4500 |
| 003 - ХЯНАЛТЫН ТОО ТОДОРХОЙЛОГЧ | |
| Код | MN-UlNUM |
| 005 - БИЧИЛТ ХИЙСЭН ОГНОО | |
| Тухайн бичилтийг бичсэн засварласан сүүлийн огноо | 20251119134302.0 |
| 008 - ЕРӨНХИЙ МЭДЭЭЛЭЛ | |
| Ерөнхий мэдээлэл | 251117s1988 nyua b 001 0 eng |
| 020 ## - ISBN | |
| ISBN | 007068832X |
| 040 ## - БИЧЛЭГ ҮҮСГЭГЧ БАЙГУУЛЛАГА | |
| Бичлэг үүсгэгч номын сангийн код | МУИС-ийн номын сан |
| 084 ## - ББК АНГИЛАЛ | |
| Нэмэлт тусгалт | Нэг сэдэвт бүтээл |
| ББК ангилал | 65.053 |
| Зохиогчийн гурван тэмдэгт | W 37 |
| Мэдлэгийн ялгаа | 65 - Эдийн засаг |
| 100 1# - ЗОХИОГЧ | |
| Зохиогчийн нэр | Weber, Ron |
| 245 10 - ҮНДСЭН ГАРЧИГ | |
| Номын нэр | EDP auditing |
| Бага гарчгийн мэдээ | Conceptual foundations and practice |
| 250 ## - ДАХИН ХЭВЛЭЛТ | |
| Дахин гаралтын дугаар | 2nd edition |
| 260 ## - ГАРАЛТЫН МЭДЭЭ | |
| Хэвлэгдсэн газар | New York |
| Хэвлэлийн газар | McGraw-Hill |
| Хэвлэгдсэн он | 1988 |
| 300 ## - МАТЕРИАЛЫН ТОДОРХОЙЛОЛТ | |
| хуудасны тоо | xvii, 969 p. : |
| Бусад тоон мэдээлэл | ill. ; |
| Хэмжээ | 25 cm |
| 500 ## - Тайлбар | |
| Дансны дугаар | БС 3917 |
| 546 ## - ХЭЛНИЙ ТУХАЙ МЭДЭЭ | |
| Хэл | Англи хэл дээр, |
| 653 ## - Түлхүүр үг | |
| Түлхүүр үг | electronic data processing |
| 653 ## - Түлхүүр үг | |
| Түлхүүр үг | auditing |
| 653 ## - Түлхүүр үг | |
| Түлхүүр үг | conceptual foundations |
| 740 ## - НОМЫН ГАРЧИГ | |
| Гарчиг | Introduction |
| 740 ## - НОМЫН ГАРЧИГ | |
| Гарчиг | The Management control framework |
| 740 ## - НОМЫН ГАРЧИГ | |
| Гарчиг | The Application control framework |
| 740 ## - НОМЫН ГАРЧИГ | |
| Гарчиг | Evidence collection |
| 740 ## - НОМЫН ГАРЧИГ | |
| Гарчиг | Evidence evaluation |
| 740 ## - НОМЫН ГАРЧИГ | |
| Гарчиг | Managing the EDP audit function |
| 942 ## - ЭЛЕМЕНТИЙН ТӨРӨЛ | |
| Зүйлийн төрөл | Ном |
